Perspektíva podnikania v cestovnom ruchu

Vidiecka turistika a agroturistika ako perspektívna podnikateľská sféra na Slovensku. Projekty cezhraničnej spolupráce. Podpora cestovného ruchu na Slovensku.

Gespeichert in:
Bibliographische Detailangaben
1. Verfasser: Hudec, Marián
Format: Buchkapitel
Sprache:Slowakisch
Schlagworte:
Tags: Tag hinzufügen
Keine Tags, Fügen Sie das erste Tag hinzu!

MARC

LEADER 00000naa a2200000 4500
001 r041002
005 20230720101225.2
041 0 |a slo 
044 |a SK 
245 1 0 |a Perspektíva podnikania v cestovnom ruchu  |c Marián Hudec 
520 |a Vidiecka turistika a agroturistika ako perspektívna podnikateľská sféra na Slovensku. Projekty cezhraničnej spolupráce. Podpora cestovného ruchu na Slovensku. 
610 2 0 |a ruch cestovný 
610 2 0 |a ruch cestovný vidiecky 
610 2 0 |a podnikanie 
610 2 0 |a podpora podnikania 
610 2 0 |a regióny 
610 2 0 |a spolupráca cezhraničná 
100 1 |a Hudec, Marián